| 000 | 00490nam a2200133 a 4500 | ||
|---|---|---|---|
| 008 | 120416s1965 ||||||||||||||||| || u | ||
| 050 | _aZ 679 Met | ||
| 100 | _aMetcalf, Keyes D | ||
| 245 | 1 | 0 | _aPlanning academic and research library buildings |
| 260 |
_aNew York _bMcGraw-Hill _c1965 |
||
| 300 | _axv, 431p. : ill. | ||
| 350 | _a0.00 | ||
| 995 |
_D0.00 _FCBU-MAIN LIBRARY (Kitwe) _H1 _I10.05 _M1 _UAVAILABLE _ZAnnex Low-Usage Collection |
||
| 999 |
_c53683 _d53683 |
||